Państwa Europy z najwyższym przyrostem naturalnym - Statystyki

Ogólne statystyki
  • Ten quiz został rozwiązany 654 razy
  • Średni wynik to 8 z 10
Statystyki odpowiedzi
# Państwo % % Poprawnych
10 Wielka Brytania 0,54
96%
2 Norwegia 1,19
88%
7 Szwecja 0,79
88%
6 Hiszpania 0,81
84%
1 Irlandia 1,20
78%
8 Szwajcaria 0,78
73%
9 Islandia 0,65
70%
5 Liechtenstein 0,82
68%
3 Luksemburg 1,12
68%
4 San Marino 0,87
64%
Nie znaleziono quizów pasujących do podanych kryteriów
Rozkład punktacji
Procent ludzi z każdym wynikiem
Percentyl według liczby udzielonych odpowiedzi
Twoja historia wyników
Nie rozwiązałeś tego quizu